Diseño de un servicio de espectáculos visuales innovadores
Uloženo v:
| Hlavní autor: | |
|---|---|
| Další autoři: | |
| Médium: | Kniha |
| Jazyk: | Spanish |
| Vydáno: |
[San José , Costa Rica]
2018
|
| Témata: | |
| Tagy: |
Přidat tag
Žádné tagy, Buďte první, kdo vytvoří štítek k tomuto záznamu!
|
MARC
| LEADER | 00000nam a22000007a 4500 | ||
|---|---|---|---|
| 003 | 012873 | ||
| 005 | 20240208135531.0 | ||
| 008 | 180607b2018 cr a|||| |m|| 00| ||spa d | ||
| 040 | |c cru CEDI | ||
| 090 | |a TFG 8024 | ||
| 100 | |a Jiménez Fontana, Alejandro, 1989- |9 2361 | ||
| 245 | |a Diseño de un servicio de espectáculos visuales innovadores | ||
| 260 | |a [San José , Costa Rica] |c 2018 | ||
| 300 | |a xii, 112 hojas : ilustraciones a color | ||
| 500 | |a Proyecto de graduación (licenciatura en ingeniería industrial)--Universidad de Costa Rica. Facultad de Ingeniería. Escuela de Ingeniería Industrial | ||
| 501 | |a Directora de Proyecto de Graduación: Inga. Paola Gamboa Hernández | ||
| 650 | |x INDUSTRIAS DE SERVICIOS - PLANIFICACION - COSTA RICA |x ANALISIS DE MERCADEO - GRAN AREA METROPOLITANA (COSTA RICA) |x INDUSTRIA CULTURAL - ORGANIZACION - COSTA RICA |x PRESTACION DE SERVICIOS - DISEÑO |x ESPECTACULOS POPULARES |9 12349 | ||
| 700 | |a Gamboa Hernández, Paola, 1979- |d Directora del TFG |9 307 | ||
| 942 | |c TFG |h TFG 8024 |i 012873 |6 TFG_8024_012873000000000 | ||
| 999 | |c 20056 |d 20056 | ||
